Norwich City Squad 2023–24 Championship Season - Statistics

General Stats
  • This quiz has been taken 23 times
  • The average score is 26 of 32
Answer Stats
Answer % Correct
Angus Gunn
100%
Borja Sainz
100%
David Wagner
100%
Gabriel Sara
100%
Grant Hanley
100%
Jack Stacey
100%
Jacob Sørensen
100%
Josh Sargent
100%
Kenny McLean
100%
Liam Gibbs
100%
Marcelino Núñez
100%
Onel Hernández
100%
Shane Duffy
100%
Adam Idah
92%
Ben Gibson
92%
Christian Fassnacht
92%
Dimitris Giannoulis
92%
George Long
92%
Hwang Ui-jo
92%
Jonathan Rowe
92%
Przemysław Płacheta
92%
Ashley Barnes
83%
Sydney van Hooijdonk
75%
Andrew Omobamidele
67%
Kellen Fisher
67%
Tony Springett
58%
Sam McCallum
50%
Danny Batth
33%
Adam Forshaw
25%
Jaden Warner
25%
Ken Aboh
25%
Finley Welch
8%
No matching quizzes found
Score Distribution
Percent of People with Each Score
Percentile by Number Answered
Your Score History
You have not taken this quiz